Náter, P.: Druhá svetová vojna. Iné alternatívy 1938-1940

Bibliographic Details
Main Author: Jančo, Ľudovít (Author)
Format: Article
Language:Slovak
ISSN:1335-3314
Subjects:

MARC

LEADER 00000nab a2200000 a 4500
001 vtls008870855
003 SK-MaSNL
005 20260304145026.0
008 250505c2006 xo |||| |o| 000 b|slo
015 |a SNBRB2006/10  |2 snkbucl 
035 |a urn:nbn:sk:snk-ab8d62 
035 |a (urnnbn)urn:nbn:sk:snk:ar-a084sa 
035 |a (uuid)dc63c7cd-1d41-4ce6-abae-219044ed428f 
038 |a SNKBUCL 
040 |a SNKBUCL  |b slo  |c SNKBUCL  |e AACR2 
041 0 |a slo 
044 |a xo  |c SK 
080 |2 1997 
100 1 |a Jančo, Ľudovít  |4 aut  |9 304520 
245 1 0 |a Náter, P.: Druhá svetová vojna. Iné alternatívy 1938-1940  |c Ľ. Jančo 
648 7 |a 1938-1940  |2 snkbucl  |9 400006 
650 0 7 |a druhá svetová vojna (1939-1945)  |2 snkbucl  |9 169657 
655 7 |a recenzie  |2 snkbucl  |9 21907 
773 0 |t Vojenská história  |g Roč. 10, č. 2 (2006), s. 135-137  |x 1335-3314 
787 0 8 |i Rec.:  |a Náter, Pavel, 1939-  |t Druhá svetová vojna : iné alternatívy 1938-1940 
850 |a Slovenská národná knižnica 
852 |a Slovenská národná knižnica 
954 |a odborná, vedecká literatúra pôvodná (slovenská)  |2 lita 
958 |a article9 
958 |a OND 
958 |a RC 
958 |a EUIPO 
999 |c 2934219  |d 2936149